000 00368 a2200169 4500
001 68811
020 _a8526257196
040 _cAnchieta - Itaigara
100 _aGóes, Lúcia Pimentel
240 1 0 _aPosso ir também?
_lpor
245 1 0 _aPosso ir também?
300 _a16
362 0 _a2005
440 1 _aScipione
650 4 _aLiteratura infantil
942 _cBK
999 _c68811
_d68811